« L’enfant vulnérable » Psychothérapie transculturelle en pays Kanak de Yoram Mouchenik, Éditions La Pensée Sauvage, 2004 (notice n° 1587003)

détails MARC
000 -LEADER
fixed length control field 01458cam a2200169 4500500
005 - DATE AND TIME OF LATEST TRANSACTION
control field 20251228060117.0
041 ## - LANGUAGE CODE
Language code of text/sound track or separate title fre
042 ## - AUTHENTICATION CODE
Authentication code dc
100 10 - MAIN ENTRY--PERSONAL NAME
Personal name Lemaire, Jean-Jacques
Relator term author
245 00 - TITLE STATEMENT
Title « L’enfant vulnérable » Psychothérapie transculturelle en pays Kanak de Yoram Mouchenik, Éditions La Pensée Sauvage, 2004
260 ## - PUBLICATION, DISTRIBUTION, ETC.
Date of publication, distribution, etc. 2005.<br/>
500 ## - GENERAL NOTE
General note 73
520 ## - SUMMARY, ETC.
Summary, etc. Résumé La question de savoir « dans quel cas il faut consulter », pour l’éducateur pjj, ne peut pas résulter uniquement du cadre judiciaire ou d’un type d’infraction. Aussi impérieuse que puisse être la décision d’un magistrat ou d’un tribunal, cette question reste posée au lieu de ce qui fait sens pour le sujet ; ce que l’éducateur ne peut pas examiner sans le psy.
520 ## - SUMMARY, ETC.
Summary, etc. For a social worker in the Juvenile Justice System, the answer to the question “in what case a psychological consultation is necessary” cannot only be found within the judicial framework or the offence category. Even if a court has ordered a compulsory psychological treatment, what is meaningful for the young offender as a person, is an equally important question that cannot be examined by the social worker alone without the help of a professional psychologist.
786 0# - DATA SOURCE ENTRY
Note Enfances & Psy | 30 | 1 | 2005-12-01 | p. 181a-186a | 1286-5559
856 41 - ELECTRONIC LOCATION AND ACCESS
Uniform Resource Identifier <a href="https://shs.cairn.info/revue-enfances-et-psy-2006-1-page-181a?lang=fr&redirect-ssocas=7080">https://shs.cairn.info/revue-enfances-et-psy-2006-1-page-181a?lang=fr&redirect-ssocas=7080</a>

Pas d'exemplaire disponible.

PLUDOC

PLUDOC est la plateforme unique et centralisée de gestion des bibliothèques physiques et numériques de Guinée administré par le CEDUST. Elle est la plus grande base de données de ressources documentaires pour les Étudiants, Enseignants chercheurs et Chercheurs de Guinée.

Adresse

627 919 101/664 919 101

25 boulevard du commerce
Kaloum, Conakry, Guinée

Réseaux sociaux

Powered by Netsen Group @ 2025